[Event "AUS-ch"]
[Site "Perth"]
[Date "1977.12.27"]
[Round "1"]
[White "Halpin, Patrick"]
[Black "Woodhams, Michael"]
[Result "0-1"]
[WhiteElo "2075"]
[BlackElo "2240"]
[PlyCount "63"]
[EventDate "1977.12.??"]
[SourceDate "2001.09.18"]

1. e4 c5 2. Nf3 e6 3. d4 cxd4 4. Nxd4 a6 5. c4 Nf6 6. Nc3 Bb4 7. Bd3 Nc6 8.
Nxc6 dxc6 9. O-O e5 10. Qb3 Bc5 11. Na4 Bd4 12. Bd2 b5 13. cxb5 axb5 14. Nc3
Bxf2+ 15. Rxf2 Qxd3 16. Bg5 Be6 17. Rd1 Bxb3 18. Rxd3 Be6 19. Bxf6 gxf6 20. a3
Ke7 21. Rdf3 b4 22. axb4 Ra1+ 23. Rf1 Rxf1+ 24. Kxf1 Rb8 25. b5 cxb5 26. b4 Rd8
27. Ke1 Rd4 28. Nd5+ Bxd5 29. exd5 Rxb4 30. d6+ Ke6 31. Rh3 Rd4 32. Rxh7 0-1

[Event "AUS-ch"]
[Site "Perth"]
[Date "1977.12.27"]
[Round "1"]
[White "Jamieson, Robert Murray"]
[Black "Keast, Donald"]
[Result "1-0"]
[WhiteElo "2325"]
[BlackElo "2000"]
[PlyCount "75"]
[EventDate "1977.12.??"]
[SourceDate "2001.09.18"]

1. e4 e5 2. Nf3 Nc6 3. Bb5 Bc5 4. O-O Qf6 5. c3 Nge7 6. d4 exd4 7. Bg5 Qg6 8.
Bxe7 Bxe7 9. cxd4 a6 10. Bd3 d6 11. e5 Bf5 12. Bxf5 Qxf5 13. exd6 Bxd6 14. Re1+
Ne7 15. Qb3 O-O 16. Nc3 b5 17. Ne4 Ng6 18. a4 h6 19. axb5 Qxb5 20. Qxb5 axb5
21. b3 Bb4 22. Rxa8 Rxa8 23. Rc1 Re8 24. Nc3 Bxc3 25. Rxc3 Re2 26. g3 Rb2 27.
h4 b4 28. Rxc7 Rxb3 29. Rc8+ Kh7 30. Kg2 Rb1 31. Rb8 Ne7 32. Rb7 Nd5 33. Rxf7
Rd1 34. Rb7 Rb1 35. Ne5 Nc3 36. h5 Ne4 37. Ng6 Kg8 38. d5 1-0

[Event "AUS-ch"]
[Site "Perth"]
[Date "1977.12.27"]
[Round "1"]
[White "Johansen, Darryl K"]
[Black "Ellis, David"]
[Result "1-0"]
[WhiteElo "1980"]
[BlackElo "2035"]
[PlyCount "53"]
[EventDate "1977.12.??"]
[SourceDate "2001.09.18"]

1. e4 e6 2. Nc3 d5 3. Nf3 Nc6 4. d4 Bb4 5. e5 b6 6. Bd2 Bb7 7. a3 Bf8 8. Bd3
Nge7 9. Ne2 Nf5 10. b4 a5 11. c3 Be7 12. b5 Na7 13. a4 h5 14. Bxf5 exf5 15. e6
fxe6 16. Nf4 Bf6 17. Nxe6 Qd7 18. O-O Kf7 19. Re1 Rae8 20. Neg5+ Bxg5 21. Bxg5
Rxe1+ 22. Qxe1 Kg8 23. Qe5 Kh7 24. Bf4 c6 25. Re1 cxb5 26. Ng5+ Kg6 27. Qe6+
1-0

[Event "AUS-ch"]
[Site "Perth"]
[Date "1977.12.27"]
[Round "1"]
[White "Jordan, William"]
[Black "Fuller, Maxwell L"]
[Result "0-1"]
[WhiteElo "2070"]
[BlackElo "2325"]
[PlyCount "102"]
[EventDate "1977.12.??"]
[SourceDate "2001.09.18"]

1. e4 g6 2. d4 Bg7 3. Nf3 d6 4. Nc3 Nf6 5. Bc4 O-O 6. Qe2 c6 7. e5 Nd5 8. Nxd5
cxd5 9. Bd3 Nc6 10. c3 Bg4 11. Bf4 dxe5 12. dxe5 Qc7 13. Qe3 Bxf3 14. gxf3 Bxe5
15. Bg3 Bxg3 16. hxg3 Qe5 17. O-O-O Qxe3+ 18. fxe3 h5 19. Bb5 Rfd8 20. Bxc6
bxc6 21. Rh4 c5 22. c4 e6 23. Kc2 a5 24. Rd3 Kg7 25. Kd2 g5 26. Rxh5 dxc4 27.
Rxd8 Rxd8+ 28. Kc3 Kg6 29. Rh2 Rd3+ 30. Kxc4 Rxe3 31. Rf2 g4 32. fxg4 Rxg3 33.
Rf4 Rg2 34. b3 Rxa2 35. Kxc5 Ra3 36. Kc4 e5 37. Re4 f6 38. Kc3 Ra2 39. Kd3 Kg5
40. Kc3 Ra1 41. Kd2 Rg1 42. Ra4 Rxg4 43. Rxa5 Kf4 44. Ke2 e4 45. b4 Rg2+ 46.
Kf1 Rb2 47. Rb5 e3 48. Rh5 f5 49. Rh8 Kf3 50. Rh3+ Ke4 51. Rh8 f4 0-1

[Event "AUS-ch"]
[Site "Perth"]
[Date "1977.12.27"]
[Round "1"]
[White "Levi, Eddy"]
[Black "Rogers, Ian"]
[Result "1/2-1/2"]
[WhiteElo "2055"]
[BlackElo "2180"]
[PlyCount "81"]
[EventDate "1977.12.??"]
[SourceDate "2001.09.18"]

1. e4 e5 2. Nf3 Nc6 3. d4 exd4 4. Bc4 Bc5 5. c3 d3 6. O-O d6 7. Qb3 Qe7 8. Bg5
Nf6 9. Bxd3 h6 10. Bh4 Bd7 11. Nbd2 O-O-O 12. Qc2 g5 13. Bg3 h5 14. h4 gxh4 15.
Nxh4 Rhg8 16. Kh1 Ng4 17. Ndf3 Ne3 18. fxe3 Rxg3 19. Qf2 Rdg8 20. b4 Bxe3 21.
Qxe3 Qxh4+ 22. Nxh4 Rxe3 23. Rf3 Rxf3 24. Nxf3 Bg4 25. Bc4 Bxf3 26. gxf3 Ne5
27. Bd5 c6 28. Bb3 Kc7 29. Rf1 Rg7 30. Kh2 f6 31. f4 Ng4+ 32. Kh3 Re7 33. Kh4
Ne3 34. Rf3 Rxe4 35. Kxh5 d5 36. Kg6 f5 37. a4 Kb6 38. Ba2 Ng2 39. Kg5 Re1 40.
c4 d4 41. c5+ 1/2-1/2

[Event "AUS-ch"]
[Site "Perth"]
[Date "1977.12.27"]
[Round "1"]
[White "Rubanraut, Serge"]
[Black "Hanks, John N"]
[Result "1-0"]
[WhiteElo "2180"]
[BlackElo "2025"]
[PlyCount "107"]
[EventDate "1977.12.??"]
[SourceDate "2001.09.18"]

1. Nf3 Nf6 2. g3 b6 3. Bg2 Bb7 4. d3 d5 5. O-O Nbd7 6. Nbd2 e6 7. Re1 Be7 8. e4
O-O 9. e5 Ne8 10. Qe2 c5 11. c3 g6 12. Nf1 Ng7 13. h4 b5 14. Bf4 a5 15. N1h2 h5
16. Bh3 Ra6 17. d4 c4 18. Bd2 b4 19. Qe3 Re8 20. Qf4 Nf8 21. Ng5 Nf5 22. g4
hxg4 23. Nxg4 bxc3 24. bxc3 f6 25. exf6 Bxf6 26. Nxf6+ Qxf6 27. Rab1 Bc6 28.
Kh2 Qd8 29. Bc1 Rb6 30. Rxb6 Qxb6 31. h5 Bd7 32. Ba3 Qb8 33. Qxb8 Rxb8 34. hxg6
Nxg6 35. Nxe6 Ng7 36. Nf4 Nxf4 37. Bxd7 Nd3 38. Re2 Rb7 39. Bg4 Rb1 40. Bd6 Rb2
41. Rxb2 Nxb2 42. Bf3 Na4 43. Bxd5+ Kh8 44. Bxc4 Nxc3 45. Bc7 Ne4 46. f3 Ng5
47. Kg3 N5e6 48. Bxe6 Nxe6 49. Bxa5 Kg8 50. Bb6 Kf7 51. a4 Ke8 52. a5 Kd7 53.
d5 Ng7 54. Kf4 1-0

[Event "AUS-ch"]
[Site "Perth"]
[Date "1977.12.28"]
[Round "2"]
[White "Fuller, Maxwell L"]
[Black "Hamilton, Douglas Gibson"]
[Result "1/2-1/2"]
[WhiteElo "2325"]
[BlackElo "2105"]
[PlyCount "37"]
[EventDate "1977.12.??"]
[SourceDate "2001.09.18"]

1. Nf3 f5 2. d4 Nf6 3. c4 g6 4. g3 Bg7 5. Bg2 O-O 6. O-O d6 7. Nc3 Nc6 8. d5
Ne5 9. Nxe5 dxe5 10. e4 e6 11. exf5 exf5 12. b4 f4 13. Ne4 Nxe4 14. Bxe4 Bh3
15. Re1 Qf6 16. c5 fxg3 17. fxg3 Qf2+ 18. Kh1 Bf5 19. Bxf5 1/2-1/2

[Event "AUS-ch"]
[Site "Perth"]
[Date "1977.12.28"]
[Round "2"]
[White "Harrison, Kevin"]
[Black "Jamieson, Robert Murray"]
[Result "1/2-1/2"]
[WhiteElo "2085"]
[BlackElo "2325"]
[PlyCount "80"]
[EventDate "1977.12.??"]
[SourceDate "2001.09.18"]

1. c4 c5 2. Nf3 Nc6 3. Nc3 Nf6 4. d4 cxd4 5. Nxd4 e6 6. g3 a6 7. Bg2 Qc7 8. O-O
d6 9. e4 Bd7 10. b3 Be7 11. Be3 O-O 12. Rc1 Rac8 13. Nd5 exd5 14. cxd5 Qa5 15.
dxc6 bxc6 16. Qd2 Qxd2 17. Bxd2 c5 18. Ne2 Bc6 19. Nc3 Rfe8 20. Rfe1 Nd7 21.
Bf4 Ne5 22. Rcd1 g5 23. Bc1 g4 24. Nd5 Bxd5 25. Rxd5 Rc6 26. Bf4 Bf6 27. Bxe5
Bxe5 28. Bf1 Re6 29. Bc4 Rf6 30. Kg2 Rb6 31. Rf1 a5 32. a4 Rf3 33. h3 h5 34.
hxg4 hxg4 35. Rh1 Rf6 36. Rh5 Kg7 37. Rg5+ Rg6 38. Rxg6+ Kxg6 39. Rd1 Rb8 40.
Rh1 Rh8 1/2-1/2

[Event "AUS-ch"]
[Site "Perth"]
[Date "1977.12.28"]
[Round "2"]
[White "Morris, C."]
[Black "Partis, Michael"]
[Result "0-1"]
[WhiteElo "1970"]
[BlackElo "2060"]
[PlyCount "54"]
[EventDate "1977.12.??"]
[SourceDate "2001.09.18"]

1. e4 e6 2. d4 d5 3. Nc3 Bb4 4. e5 c5 5. a3 Bxc3+ 6. bxc3 Ne7 7. Nf3 Bd7 8. a4
Qa5 9. Bd2 Nbc6 10. Be2 f6 11. c4 Qc7 12. exf6 gxf6 13. cxd5 Nxd5 14. c4 Nf4
15. Bxf4 Qxf4 16. d5 Ne5 17. dxe6 Bc6 18. Nxe5 Qxe5 19. O-O Rd8 20. Qc2 Qg5 21.
g3 Rd2 22. Qxd2 Qxd2 23. Bh5+ Ke7 24. Rfd1 Qc2 25. Rac1 Qf5 26. Be2 Qe4 27. Bf1
Qh1# 0-1

[Event "AUS-ch"]
[Site "Perth"]
[Date "1977.12.28"]
[Round "2"]
[White "Musa, Larry"]
[Black "Wettstein, Markus"]
[Result "1/2-1/2"]
[WhiteElo "1930"]
[BlackElo "2100"]
[PlyCount "34"]
[EventDate "1977.12.??"]
[SourceDate "2001.09.18"]

1. d4 d5 2. c4 dxc4 3. Nf3 Nf6 4. e3 e6 5. Bxc4 c5 6. O-O a6 7. Qe2 b5 8. Bb3
Bb7 9. Rd1 Nbd7 10. Nc3 Qb8 11. d5 Nxd5 12. Nxd5 Bxd5 13. Bxd5 exd5 14. Rxd5
Be7 15. e4 Nb6 16. Rd1 O-O 17. Ne1 Qc7 1/2-1/2

[Event "AUS-ch"]
[Site "Perth"]
[Date "1977.12.28"]
[Round "2"]
[White "Rogers, Ian"]
[Black "Pope, Arthur"]
[Result "1/2-1/2"]
[WhiteElo "2180"]
[BlackElo "2145"]
[PlyCount "83"]
[EventDate "1977.12.??"]
[SourceDate "2001.09.18"]

1. e4 c5 2. b3 Nc6 3. Bb2 d6 4. Bb5 Bd7 5. d3 e6 6. Nf3 Nf6 7. O-O Be7 8. Re1
O-O 9. c4 e5 10. Nfd2 Ne8 11. Nc3 Nc7 12. Nd5 Ne6 13. Nf1 Bg5 14. g3 a6 15.
Bxc6 bxc6 16. Nde3 g6 17. Ng2 f5 18. exf5 Rxf5 19. Nd2 Bxd2 20. Qxd2 Ng5 21.
Kh1 Nf3 22. Qe3 Nxe1 23. Rxe1 Qf8 24. f4 exf4 25. gxf4 Re8 26. Qd2 Rxe1+ 27.
Qxe1 Rxf4 28. Nxf4 Qxf4 29. Qe2 Kf7 30. Kg1 Bf5 31. a3 h5 32. b4 cxb4 33. axb4
h4 34. Bc3 Qc1+ 35. Be1 Qg5+ 36. Kh1 h3 37. Bd2 Qg2+ 38. Qxg2 hxg2+ 39. Kxg2
Bxd3 40. c5 dxc5 41. bxc5 Ke6 42. Ba5 1/2-1/2

[Event "AUS-ch"]
[Site "Perth"]
[Date "1977.12.28"]
[Round "2"]
[White "Shaw, Terrey Ian"]
[Black "Levi, Eddy"]
[Result "1-0"]
[WhiteElo "2235"]
[BlackElo "2055"]
[PlyCount "81"]
[EventDate "1977.12.??"]
[SourceDate "2001.09.18"]

1. e4 e5 2. Nc3 Nf6 3. g3 d5 4. exd5 Nxd5 5. Bg2 Be6 6. Nf3 Nc6 7. O-O Be7 8.
Re1 Nxc3 9. bxc3 Bf6 10. Ba3 Qd7 11. Qb1 Rb8 12. d4 exd4 13. Qb5 a6 14. Qh5 Be7
15. Bxe7 Nxe7 16. Nxd4 O-O 17. Qe2 Nd5 18. Nxe6 fxe6 19. Bh3 Kh8 20. c4 Nf6 21.
Qxe6 Qa4 22. Qe2 Rbe8 23. Qd3 Rxe1+ 24. Rxe1 Qxa2 25. Qc3 Qa4 26. Re7 Qc6 27.
Qe5 Qf3 28. Rxc7 Ne8 29. Re7 Qxf2+ 30. Kh1 Nf6 31. c3 Rd8 32. Qe2 Qb6 33. Qf3
Qb1+ 34. Bf1 b6 35. Kg1 h6 36. Rb7 Rd1 37. c5 b5 38. c6 Rd8 39. c7 Rf8 40. Rb8
Ne8 41. Qxf8+ 1-0

[Event "AUS-ch"]
[Site "Perth"]
[Date "1977.12.28"]
[Round "2"]
[White "West, Guy"]
[Black "Kellner, John Vincent"]
[Result "0-1"]
[WhiteElo "2070"]
[BlackElo "2140"]
[PlyCount "112"]
[EventDate "1977.12.??"]
[SourceDate "2001.09.18"]

1. e4 e6 2. d4 d5 3. e5 c5 4. c3 Qb6 5. Nf3 Bd7 6. Bd3 Ne7 7. dxc5 Qxc5 8. O-O
Ng6 9. Re1 Be7 10. Nbd2 Qc7 11. Nb3 Ba4 12. Qe2 Nd7 13. g3 a6 14. h4 h6 15.
Bxg6 fxg6 16. Nfd4 Nf8 17. Qg4 Bd7 18. Bd2 b5 19. Re3 g5 20. hxg5 h5 21. Qh3
Bxg5 22. f4 Be7 23. Rae1 Qb6 24. Kg2 g5 25. fxg5 Bxg5 26. Rf3 Bxd2 27. Nxd2
O-O-O 28. Rf6 Re8 29. Qh4 Kb8 30. a3 Bc8 31. Qf4 Nd7 32. Rf7 Nc5 33. Re3 Reg8
34. b4 Nd7 35. Re7 Nf8 36. N2b3 Ng6 37. Qf7 Nxe7 38. Qxe7 Qc7 39. Qxc7+ Kxc7
40. Nc5 Rg6 41. Rf3 Rh7 42. Kf2 Re7 43. Ke3 Kb6 44. Rf8 Bb7 45. Kf4 Rg4+ 46.
Kf3 Reg7 47. Ne2 d4+ 48. Nxb7 d3 49. Nc5 dxe2 50. Kxe2 Rxg3 51. Rf6 Rxc3 52.
Rxe6+ Kc7 53. Rxa6 Rg2+ 54. Kd1 Rh3 55. Ne6+ Kb8 56. Rb6+ Ka7 0-1

[Event "AUS-ch"]
[Site "Perth"]
[Date "1977.12.29"]
[Round "3"]
[White "Hjorth, Gregory"]
[Black "Shaw, Terrey Ian"]
[Result "0-1"]
[WhiteElo "1880"]
[BlackElo "2235"]
[PlyCount "62"]
[EventDate "1977.12.??"]
[SourceDate "2001.09.18"]

1. Nf3 Nf6 2. c4 d6 3. g3 e5 4. d3 g6 5. b4 Bg7 6. Bb2 O-O 7. Bg2 Nh5 8. Qb3
Kh8 9. Nbd2 f5 10. O-O Qe7 11. Rfc1 Nc6 12. b5 Nd8 13. c5 Ne6 14. cxd6 cxd6 15.
Qb4 Nc5 16. Nc4 e4 17. Ne1 b6 18. dxe4 fxe4 19. Rd1 Qf7 20. f4 d5 21. Ne5 Qe6
22. Nc2 g5 23. Qd4 gxf4 24. Nb4 Bb7 25. Nxd5 Rad8 26. Nc6 Bxc6 27. bxc6 Bxd4+
28. Rxd4 Kg8 29. Rad1 f3 30. exf3 Nd3 31. fxe4 Nxb2 0-1

[Event "AUS-ch"]
[Site "Perth"]
[Date "1977.12.29"]
[Round "3"]
[White "Jamieson, Robert Murray"]
[Black "Hamilton, Douglas Gibson"]
[Result "1-0"]
[WhiteElo "2325"]
[BlackElo "2105"]
[PlyCount "79"]
[EventDate "1977.12.??"]
[SourceDate "2001.09.18"]

1. e4 e5 2. Nf3 Nc6 3. Bb5 d6 4. d4 Bd7 5. Nc3 exd4 6. Nxd4 Nf6 7. O-O Be7 8.
h3 O-O 9. Nxc6 Bxc6 10. Bxc6 bxc6 11. Be3 Nd7 12. Qd3 Bf6 13. f4 Qe7 14. Bd4
Bxd4+ 15. Qxd4 Rfe8 16. Rae1 Qh4 17. Qa4 Nc5 18. Qxc6 Ne6 19. Nd5 Rab8 20. b3
Nd4 21. Qc3 c5 22. Qd3 a5 23. c3 Nf5 24. Kh2 c4 25. bxc4 Rb2 26. Rb1 Rxb1 27.
Rxb1 Nh6 28. Qg3 Qxg3+ 29. Kxg3 f5 30. exf5 Nxf5+ 31. Kf3 Nh4+ 32. Kf2 Re4 33.
Rb8+ Kf7 34. Rb7+ Kf8 35. g3 Nf5 36. g4 Nh4 37. Rc7 Ng6 38. Kf3 Re1 39. Ra7 Rh1
40. Kg2 1-0

[Event "AUS-ch"]
[Site "Perth"]
[Date "1977.12.29"]
[Round "3"]
[White "Johansen, Darryl K"]
[Black "Purdy, John Spencer"]
[Result "0-1"]
[WhiteElo "1980"]
[BlackElo "2165"]
[PlyCount "94"]
[EventDate "1977.12.??"]
[SourceDate "2001.09.18"]

1. e4 e5 2. Nf3 Nc6 3. Bb5 a6 4. Ba4 Nf6 5. O-O Nxe4 6. d4 b5 7. Bb3 d5 8. Nxe5
Nxe5 9. dxe5 Be6 10. Be3 Be7 11. c3 O-O 12. f3 Nc5 13. f4 f5 14. Nd2 Qd7 15.
Bc2 Ne4 16. Nb3 Rfd8 17. Qe2 c5 18. Rfd1 Qc7 19. Nd2 a5 20. a3 Rac8 21. Bb3 Qb7
22. Rf1 c4 23. Bc2 Bf7 24. Nf3 g6 25. Nd4 Bc5 26. Nf3 Bf8 27. Nd4 b4 28. axb4
axb4 29. Bxe4 dxe4 30. Ra5 Rd5 31. Rfa1 Rxa5 32. Rxa5 bxc3 33. bxc3 Qb1+ 34.
Kf2 Rb8 35. e6 Bxe6 36. Nxe6 Rb2 37. Ra8 Rxe2+ 38. Kxe2 Qc2+ 39. Kf1 Kf7 40.
Ng5+ Ke7 41. Bc5+ Kd7 42. Rxf8 Qxc3 43. Kf2 Qa5 44. Rf7+ Kc6 45. Be3 Qa2+ 46.
Kg3 Qe2 47. Rf6+ Kb5 0-1

[Event "AUS-ch"]
[Site "Perth"]
[Date "1977.12.29"]
[Round "3"]
[White "Kellner, John Vincent"]
[Black "Ballantyne, William"]
[Result "1-0"]
[WhiteElo "2140"]
[BlackElo "2050"]
[PlyCount "75"]
[EventDate "1977.12.??"]
[SourceDate "2001.09.18"]

1. d4 Nf6 2. Nf3 d6 3. c4 Nbd7 4. Nc3 c6 5. Bg5 h6 6. Bh4 Qa5 7. Qd2 g5 8. Bg3
Bg7 9. e3 Nh5 10. Bd3 Nf8 11. O-O Bg4 12. b4 Qd8 13. Rab1 Qd7 14. c5 Bxf3 15.
gxf3 Nxg3 16. fxg3 d5 17. b5 Ng6 18. bxc6 bxc6 19. Qc2 Qe6 20. Rbe1 O-O 21. Qa4
Qd7 22. f4 gxf4 23. exf4 Rfb8 24. Re2 Bf6 25. Rfe1 Qg4 26. Rg2 Qf3 27. Rd2 a5
28. Nd1 Rb4 29. Qxc6 Bxd4+ 30. Nf2 Rab8 31. Bxg6 fxg6 32. Qe6+ Kh7 33. Rxd4
Rxd4 34. Qxe7+ Kg8 35. Qe6+ Kh7 36. Qf7+ Kh8 37. Qf6+ Kh7 38. Re7+ 1-0

[Event "AUS-ch"]
[Site "Perth"]
[Date "1977.??.??"]
[Round "3"]
[White "Rogers, Ian"]
[Black "West, Guy"]
[Result "1/2-1/2"]
[WhiteElo "2180"]
[BlackElo "2070"]
[PlyCount "106"]
[EventDate "1977.12.??"]
[SourceDate "2001.09.18"]

1. e4 e6 2. d4 d5 3. e5 c5 4. c3 Qb6 5. Nf3 Bd7 6. Be2 Nc6 7. O-O cxd4 8. cxd4
Nge7 9. Nc3 a6 10. Na4 Qa7 11. Be3 Nf5 12. Rc1 Rc8 13. Nc5 Ncxd4 14. Bxd4 Bxc5
15. Rxc5 Rxc5 16. b4 Nxd4 17. Qxd4 b6 18. bxc5 bxc5 19. Qc3 O-O 20. Rc1 c4 21.
Rb1 Rb8 22. Rxb8+ Qxb8 23. Bf1 Qb5 24. Qa3 h6 25. Qe7 Qa4 26. Qd8+ Kh7 27. Qc7
Qd1 28. Qa5 Bb5 29. Qc3 Qb1 30. a3 g6 31. Nd4 Ba4 32. g3 Bd1 33. h3 g5 34. Kh2
Kg7 35. f4 Bh5 36. Bg2 Bg6 37. h4 gxf4 38. gxf4 Bd3 39. Kg3 Qd1 40. Nf3 Qb3 41.
Qxb3 cxb3 42. Nd2 b2 43. h5 b1=Q 44. Nxb1 Bxb1 45. Bf1 a5 46. Kf2 f6 47. Ke3
fxe5 48. fxe5 Kf7 49. Kd4 Bc2 50. Be2 Ke7 51. Kc5 a4 52. Bg4 Kd7 53. Be2 Bb3
1/2-1/2

[Event "AUS-ch"]
[Site "Perth"]
[Date "1977.12.29"]
[Round "3"]
[White "Rubanraut, Serge"]
[Black "Barber, Haydn J"]
[Result "1-0"]
[WhiteElo "2180"]
[BlackElo "2065"]
[PlyCount "81"]
[EventDate "1977.12.??"]
[SourceDate "2001.09.18"]

1. d4 f5 2. e4 fxe4 3. Nc3 Nf6 4. Bg5 d6 5. f3 exf3 6. Nxf3 Bg4 7. h3 Bxf3 8.
Qxf3 c6 9. O-O-O Nbd7 10. Bc4 Qa5 11. Bd2 Qc7 12. Be6 O-O-O 13. g4 g6 14. h4
Bg7 15. h5 gxh5 16. gxh5 Rhf8 17. h6 Bh8 18. Rdf1 Kb8 19. Qd3 a6 20. Kb1 Ka7
21. Be3 b5 22. Rf5 Rb8 23. Rhf1 Rfd8 24. Rg5 Nb6 25. Bc1 Qb7 26. b3 Nbd5 27.
Nxd5 Nxd5 28. Bxd5 cxd5 29. Rf7 Rd7 30. Rxh7 Bf6 31. Rg6 Rc7 32. Rf7 Rbc8 33.
Bd2 Qc6 34. Ba5 Qe8 35. Rgxf6 exf6 36. Rxc7+ Rxc7 37. Bxc7 Qe1+ 38. Kb2 Qh4 39.
h7 f5 40. Bxd6 Qxh7 41. Qc3 1-0

[Event "AUS-ch"]
[Site "Perth"]
[Date "1977.12.30"]
[Round "4"]
[White "Fuller, Maxwell L"]
[Black "Woodhams, Michael"]
[Result "1-0"]
[WhiteElo "2325"]
[BlackElo "2240"]
[PlyCount "57"]
[EventDate "1977.12.??"]
[SourceDate "2001.09.18"]

1. e4 Nc6 2. Nf3 d6 3. d4 Nf6 4. Nc3 Bg4 5. Bb5 a6 6. Bxc6+ bxc6 7. h3 Bh5 8.
O-O e6 9. Qe2 Be7 10. e5 Nd7 11. g4 Bg6 12. Nh2 h5 13. f4 hxg4 14. hxg4 dxe5
15. dxe5 Rb8 16. Nf3 Nb6 17. Rd1 Qc8 18. Ne4 c5 19. c4 Qb7 20. Re1 Rd8 21. b3
Bh4 22. Nxh4 Bxe4 23. Qf2 Rd3 24. Be3 Nd7 25. Rad1 Rxd1 26. Rxd1 g5 27. fxg5
Nxe5 28. Qf6 Nf3+ 29. Kf2 1-0

[Event "AUS-ch"]
[Site "Perth"]
[Date "1977.12.30"]
[Round "4"]
[White "Jamieson, Robert Murray"]
[Black "Kellner, John Vincent"]
[Result "1-0"]
[WhiteElo "2325"]
[BlackElo "2140"]
[PlyCount "67"]
[EventDate "1977.12.??"]
[SourceDate "2001.09.18"]

1. Nf3 Nf6 2. g3 c5 3. Bg2 Nc6 4. O-O g6 5. d3 Bg7 6. c4 O-O 7. Nc3 d6 8. Rb1
e5 9. a3 a5 10. Bd2 h6 11. Ne1 Be6 12. e4 Nd4 13. Ne2 Qd7 14. Nxd4 exd4 15. b4
axb4 16. axb4 Bh3 17. bxc5 dxc5 18. Qb3 Bxg2 19. Kxg2 Ra7 20. Qb6 Rfa8 21. Qxc5
Ra2 22. Bc1 Ng4 23. h3 R8a5 24. Qb6 Rh5 25. h4 Be5 26. Nf3 g5 27. Qxb7 Bc7 28.
Qd5 Ne3+ 29. Bxe3 Qg4 30. Ne5 Qxg3+ 31. Kxg3 gxh4+ 32. Kg4 Rxe5 33. Qxd4 Rg5+
34. Bxg5 1-0

[Event "AUS-ch"]
[Site "Perth"]
[Date "1977.12.30"]
[Round "4"]
[White "Pope, Arthur"]
[Black "Ballantyne, William"]
[Result "0-1"]
[WhiteElo "2145"]
[BlackElo "2050"]
[PlyCount "82"]
[EventDate "1977.12.??"]
[SourceDate "2001.09.18"]

1. e4 c5 2. Nf3 d6 3. d4 Nd7 4. c3 e6 5. Bd3 Ne7 6. Bf4 Ng6 7. Bg3 a6 8. a4 Be7
9. Nbd2 O-O 10. h4 Re8 11. h5 Ngf8 12. e5 cxd4 13. cxd4 dxe5 14. dxe5 Nc5 15.
Be2 Qa5 16. O-O Rd8 17. Qc2 Bd7 18. Ne4 Rac8 19. Nxc5 Rxc5 20. Qe4 Bc6 21. Qg4
Rc2 22. Bd1 Rxb2 23. Bf4 Qb4 24. Qg3 Be4 25. Bh6 g6 26. Bc1 Rb1 27. Ba3 Rdxd1
28. Rxd1 Rxd1+ 29. Rxd1 Qxa3 30. Qf4 Bxf3 31. gxf3 Qb4 32. Rd4 Qb1+ 33. Kg2 Qf5
34. hxg6 hxg6 35. Qxf5 gxf5 36. f4 b6 37. Kf3 Bc5 38. Rd8 Kg7 39. Rc8 a5 40.
Rd8 Ng6 41. Rd1 Ne7 0-1

[Event "AUS-ch"]
[Site "Perth"]
[Date "1977.12.30"]
[Round "4"]
[White "Purdy, John Spencer"]
[Black "Dozsa, Paul"]
[Result "1-0"]
[WhiteElo "2165"]
[BlackElo "2120"]
[PlyCount "73"]
[EventDate "1977.12.??"]
[SourceDate "2001.09.18"]

1. c4 c5 2. g3 Nf6 3. Bg2 Nc6 4. Nc3 g6 5. e3 Bg7 6. Nge2 O-O 7. O-O d6 8. a3
e5 9. Rb1 Be6 10. Nd5 Bxd5 11. cxd5 Ne7 12. e4 Nd7 13. d3 b5 14. Be3 a5 15. f4
f5 16. Qd2 b4 17. fxe5 dxe5 18. d6 Nc8 19. exf5 Ra6 20. fxg6 hxg6 21. Rxf8+
Qxf8 22. Rf1 Qxd6 23. Bb7 Ne7 24. Bxa6 Qxa6 25. Qc2 Nf5 26. Bf2 Bh6 27. Qc4+
Qxc4 28. dxc4 Ne3 29. Bxe3 Bxe3+ 30. Kg2 a4 31. Kf3 Bh6 32. Rd1 Nb6 33. axb4
cxb4 34. c5 Nc4 35. c6 Bf8 36. c7 Nb6 37. Rd8 1-0

[Event "AUS-ch"]
[Site "Perth"]
[Date "1977.12.30"]
[Round "4"]
[White "Shaw, Terrey Ian"]
[Black "Rubanraut, Serge"]
[Result "1-0"]
[WhiteElo "2235"]
[BlackElo "2180"]
[PlyCount "115"]
[EventDate "1977.12.??"]
[SourceDate "2001.09.18"]

1. e4 g6 2. d4 Bg7 3. Nf3 d6 4. Be2 Nf6 5. Nc3 O-O 6. O-O c6 7. h3 Qc7 8. Bf4
Nh5 9. Bg5 h6 10. Be3 Nd7 11. Qd2 Kh7 12. Nh4 Nhf6 13. f4 e5 14. dxe5 dxe5 15.
f5 b5 16. a3 Bb7 17. fxg6+ fxg6 18. Qe1 Ng8 19. Qg3 Ne7 20. Rxf8 Rxf8 21. Bxa7
c5 22. Bxb5 Nf6 23. Qe3 Rc8 24. Bd3 c4 25. Be2 Nxe4 26. Nxe4 Bxe4 27. Qxe4
Qxa7+ 28. Kh1 Qd4 29. Qxd4 exd4 30. a4 d3 31. cxd3 Bxb2 32. Rf1 c3 33. Bd1 Kg7
34. Bb3 Rf8 35. Rxf8 Kxf8 36. a5 Bc1 37. Kg1 Be3+ 38. Kf1 Nc6 39. Ke2 Nd4+ 40.
Kxe3 Nxb3 41. Nxg6+ Kf7 42. Nf4 Nxa5 43. Ne2 c2 44. Kd2 Kf6 45. Kxc2 h5 46. g3
Nc6 47. Kd2 Kf5 48. Ke3 Ne5 49. Nf4 Kg5 50. Ke4 Nf7 51. d4 Nd6+ 52. Kf3 Nf5 53.
h4+ Kh6 54. d5 Nd6 55. Ke3 Nf5+ 56. Kf2 Nd6 57. Kf3 Nf5 58. Nxh5 1-0

[Event "AUS-ch"]
[Site "Perth"]
[Date "1977.12.30"]
[Round "4"]
[White "Trachsel, Peter"]
[Black "Rogers, Ian"]
[Result "1-0"]
[WhiteElo "1930"]
[BlackElo "2180"]
[PlyCount "75"]
[EventDate "1977.12.??"]
[SourceDate "2001.09.18"]

1. e4 b6 2. Nc3 Bb7 3. Bc4 e6 4. Qe2 c5 5. Nf3 Nc6 6. d3 a6 7. a4 Nd4 8. Nxd4
cxd4 9. Nd1 b5 10. Bb3 Ne7 11. O-O Nc6 12. f4 Be7 13. Nf2 Qc7 14. axb5 axb5 15.
Rxa8+ Bxa8 16. Qh5 O-O 17. f5 exf5 18. exf5 Na5 19. Ng4 Qc6 20. Qh3 Bf6 21. Ba2
Re8 22. Bd2 Nb7 23. Qg3 Kh8 24. Bxf7 Rf8 25. Bb3 Nc5 26. Bb4 Bh4 27. Qh3 Nxb3
28. Bxf8 Nd2 29. Bxg7+ Kxg7 30. f6+ Kf8 31. Ne5 Qxg2+ 32. Qxg2 Bxg2 33. Nxd7+
Kf7 34. Ne5+ Kf8 35. Rf4 Bg5 36. Rf5 Bd5 37. Rxg5 Be6 38. Kf2 1-0

[Event "AUS-ch"]
[Site "Perth"]
[Date "1977.12.31"]
[Round "5"]
[White "Ballantyne, William"]
[Black "Purdy, John Spencer"]
[Result "0-1"]
[WhiteElo "2050"]
[BlackElo "2165"]
[PlyCount "114"]
[EventDate "1977.12.??"]
[SourceDate "2001.09.18"]

1. e4 e5 2. Bc4 Nc6 3. c3 Nf6 4. Qf3 Bc5 5. b4 Bb6 6. a4 a6 7. d3 d6 8. Bg5 Be6
9. Bd5 h6 10. Bxf6 Qxf6 11. Nd2 Bxd5 12. exd5 Ne7 13. c4 Nf5 14. Ne2 Nd4 15.
Qxf6 gxf6 16. Rc1 f5 17. Nxd4 Bxd4 18. Ke2 Ke7 19. Rc2 Rhg8 20. Kf3 c6 21. Rhc1
Rac8 22. Nb3 Rg4 23. g3 cxd5 24. h3 Rgg8 25. Nxd4 exd4 26. cxd5 Rxc2 27. Rxc2
Kf6 28. Rc7 Ke5 29. Rxf7 Rc8 30. Rxb7 Rc3 31. Ke2 Ra3 32. a5 Ra2+ 33. Kf3 Rd2
34. b5 axb5 35. Rxb5 Rxd3+ 36. Ke2 Ra3 37. f3 Ra2+ 38. Kd3 Ra3+ 39. Ke2 Ra2+
40. Kd3 Ra3+ 41. Ke2 {41 draw claimed!=.} 41... h5 42. h4 f4 43. gxf4+ Kxf4 44.
Rb4 Ke5 45. f4+ Ke4 46. f5 Ra2+ 47. Kf1 Rxa5 48. f6 Ra7 49. Rb2 Rf7 50. Rf2 Ke5
51. Re2+ Kxd5 52. Ke1 Rxf6 53. Kd2 Rf4 54. Rh2 Kc4 55. Rh3 Rg4 56. Rh2 Rg3 57.
Rf2 Rh3 {Time} 0-1

[Event "AUS-ch"]
[Site "Perth"]
[Date "1977.12.31"]
[Round "5"]
[White "Barber, Haydn J"]
[Black "Wettstein, Markus"]
[Result "1/2-1/2"]
[WhiteElo "2065"]
[BlackElo "2100"]
[PlyCount "22"]
[EventDate "1977.12.??"]
[SourceDate "2001.09.18"]

1. Nf3 f5 2. e4 fxe4 3. Ng5 Nf6 4. d3 e5 5. dxe4 Bc5 6. Bc4 Qe7 7. Bf7+ Kf8 8.
Bb3 h6 9. Nf3 g5 10. Nc3 d6 11. O-O Bg4 1/2-1/2